Internet v podnikateľskej činnosti
Stručná charakterizácia internetu. Funkcie, ktoré plní internet. Firmy sa zaoberajú možnosťou, ako by využili internet pre svoju obchodnú činnosť. Čím ďalej, tým viac sa obchod na internete presúva z oblasti výnimočnosti do oblasti nevyhnutnosti. Vytváranie tlaku na ceny tovarov, ktoré musia byť min...
Uložené v:
| Hlavný autor: | |
|---|---|
| Ďalší autori: | |
| Médium: | Kapitola |
| Jazyk: | Slovak |
| Predmet: | |
| Tagy: |
Žiadne tagy, Buďte prvý, kto otaguje tento záznam!
|
MARC
| LEADER | 00000naa$a2200000$$$4500 | ||
|---|---|---|---|
| 001 | 0093006 | ||
| 005 | 20231120111640.7 | ||
| 041 | 0 | |a slo | |
| 044 | |a SK | ||
| 245 | 1 | 0 | |a Internet v podnikateľskej činnosti |c Oľga Poniščiaková, Petra Martončíková |
| 520 | |a Stručná charakterizácia internetu. Funkcie, ktoré plní internet. Firmy sa zaoberajú možnosťou, ako by využili internet pre svoju obchodnú činnosť. Čím ďalej, tým viac sa obchod na internete presúva z oblasti výnimočnosti do oblasti nevyhnutnosti. Vytváranie tlaku na ceny tovarov, ktoré musia byť minimálne porovnateľné s cenami na pultoch klasických obchodov. | ||
| 610 | 2 | 0 | |a internet |
| 610 | 2 | 0 | |a obchod |
| 610 | 2 | 0 | |a obchod elektronický |
| 610 | 2 | 0 | |a podnikatelia |
| 100 | 1 | |a Poniščiaková, Oľga | |
| 700 | 1 | |a Martončíková, Petra | |